000 01399nam2a22002651 4500
001 v19\rc\1197278
005 20260406140926.0
035 _a(NLR Aleph) 005190656
090 _a5209187
_c5209187
100 _a20060306d1893 |||y0rusy50 ca
101 0 _arus
102 _aRU
105 _ay z |||||
200 1 _aИзбранные места из творений святого Димитрия, митрополита Ростовского
_eС изм. и объясн. некоторых выражений
210 _d1893
_aБ. м.
215 _a57 с.
461 0 _1001RU\NLR\19V\138740
_12001#$aДуховно-нравственное чтение для народа, составленное А. Невским$e1-13$v8
_910736202
_cСанкт-Петербург
_d1880-1897
_eИзд. 4-е
_nСинодальная тип.
_o1-13
_tДуховно-нравственное чтение для народа, составленное А. Невским
_v8
700 0 _8rus
_7ca
_aДимитрий Ростовский
_cТуптало, Даниил Саввич
_cмитрополит
_f1651-1709
_3RU\NLR\AUTH\773262
_9113268
790 1 _9z05700
_aТуптало
_bД.С.
_f1651-1709
_gДаниил Саввич
801 0 _aRU
_bNLR
_c20060306
_gpsbo
801 1 _aRU
_bProSoft-M
_c20060306
_2rusmarc
801 2 _aRU
_bNLR
_c20060804
_2rusmarc
852 _aNLR
_j18.85.7.66
942 _cBOOK
980 _aNB